Modern architecture : (Record no. 11020)

000 -LEADER
fixed length control field 01776cam a22004337a 4500
001 - CONTROL NUMBER
control field 15066423
005 - DATE AND TIME OF LATEST TRANSACTION
control field 20221229190120.0
008 - FIXED-LENGTH DATA ELEMENTS--GENERAL INFORMATION
fixed length control field 071101r20081931njuac b 000 0 eng
010 ## - LIBRARY OF CONGRESS CONTROL NUMBER
LC control number 2007940601
015 ## - NATIONAL BIBLIOGRAPHY NUMBER
Source bnb
National bibliography number GBA821000
016 7# - NATIONAL BIBLIOGRAPHIC AGENCY CONTROL NUMBER
Record control number 014525775
Source Uk
020 ## - INTERNATIONAL STANDARD BOOK NUMBER
International Standard Book Number 9780691129372 (hbk. : alk. paper)
020 ## - INTERNATIONAL STANDARD BOOK NUMBER
International Standard Book Number 0691129371 (hbk.)
035 ## - SYSTEM CONTROL NUMBER
System control number (OCoLC)ocn195748978
040 ## - CATALOGING SOURCE
Original cataloging agency UKM
Transcribing agency UKM
Modifying agency BAKER
-- BTCTA
-- YDXCP
-- CDX
-- CUS
-- VP@
-- DLC
042 ## - AUTHENTICATION CODE
Authentication code lccopycat
043 ## - GEOGRAPHIC AREA CODE
Geographic area code n-us---
050 00 - LIBRARY OF CONGRESS CALL NUMBER
Classification number NA737.W7
Item number W69 2008
082 04 - DEWEY DECIMAL CLASSIFICATION NUMBER
Classification number 724.6
Edition number 22
100 1# - MAIN ENTRY--PERSONAL NAME
Personal name Wright, Frank Lloyd,
Dates associated with a name 1867-1959.
245 10 - TITLE STATEMENT
Title Modern architecture :
Remainder of title being the Kahn lectures for 1930 /
Statement of responsibility, etc. by Frank Lloyd Wright ; with a new introduction by Neil Levine.
246 18 - VARYING FORM OF TITLE
Title proper/short title Frank Lloyd Wright lectures
250 ## - EDITION STATEMENT
Edition statement Facsim. ed.
260 ## - PUBLICATION, DISTRIBUTION, ETC.
Place of publication, distribution, etc. Princeton [ N.J.] :
Name of publisher, distributor, etc. Princeton University Press,
Date of publication, distribution, etc. 2008.
300 ## - PHYSICAL DESCRIPTION
Extent lxxv, 114 p. :
Other physical details ill., port. ;
Dimensions 28 cm.
440 #0 - SERIES STATEMENT/ADDED ENTRY--TITLE
Title Princeton monographs in art and archaeology
500 ## - GENERAL NOTE
General note Originally published in 1931.
500 ## - GENERAL NOTE
General note "Modern concepts concerning an organic architecture, from the work of Frank Lloyd Wright" on lining-papers.
504 ## - BIBLIOGRAPHY, ETC. NOTE
Bibliography, etc. note Includes bibliographical references.
600 10 - SUBJECT ADDED ENTRY--PERSONAL NAME
Personal name Wright, Frank Lloyd,
Dates associated with a name 1867-1959
General subdivision Philosophy.
650 #0 - SUBJECT ADDED ENTRY--TOPICAL TERM
Topical term or geographic name entry element Architecture, Modern
Chronological subdivision 20th century.
650 #0 - SUBJECT ADDED ENTRY--TOPICAL TERM
Topical term or geographic name entry element Architecture
Geographic subdivision United States.
650 #0 - SUBJECT ADDED ENTRY--TOPICAL TERM
Topical term or geographic name entry element Architecture, Industrial
General subdivision History
Chronological subdivision 20th century.
700 1# - ADDED ENTRY--PERSONAL NAME
Personal name Levine, Neil,
Dates associated with a name 1941-
906 ## - LOCAL DATA ELEMENT F, LDF (RLIN)
a 7
b cbc
c copycat
d 2
e ncip
f 20
g y-gencatlg
925 0# -
-- acquire
-- 1 shelf copy
-- policy default
925 1# -
-- acquire
-- 2 shelf copies
-- policy default
955 ## - COPY-LEVEL INFORMATION (RLIN)
-- jh32 2008-07-23/jh12 to BCCD
Holdings
Withdrawn status Lost status Source of classification or shelving scheme Damaged status Not for loan Permanent Location Current Location Date acquired Source of acquisition Cost, normal purchase price Barcode Date last seen Cost, replacement price Price effective from Koha item type
          BMS College of Architecture, Design and Planning BMS College of Architecture, Design and Planning 2023-03-06 9 1794.60 AR-UG2800 2023-03-06 2563.72 2023-03-06 UG Books
Copyright © 2025, The Librarian, Library and Information Centre, BMSCA D&P, Bengaluru. All Rights Reserved
web counter

Powered by Koha